01323nam a2200265 a 4500001001000000003000900010005001700019007000300036008004100039040002500080082002400105100005000129245006400179260006000243300003100303504003100334590002800365651006800393910004100461942001400502952013300516952019800649952019500847999001501042000003525DO-SdBNP20240409180111.0ta081204s1938 dr c 001 0 spa d aDO-SdBNPbspacBNPHU 4a972.9304bA669h2221 aArchambault, Pedro M.,q(Pedro María)9239810aHistoria de la Restauración /cPedro María Archambault. aParís :bLa Librairie Technique et Economique,c1938. a330 p. :bretrs. ;c24 cm. aBibliografía: [325]-326. aInventariado, 2022 / DG 0aREPÚBLICA DOMINICANAxHISTORIAyRESTAURACIÓN 1863-18659896 aValidado. Control de calidad MMOLINA 2ddccLBS1 00102ddc51708DSaBNPHUbBNPHUcMId2012-02-23oBNPHU RV-DS 972.9304 A669h, 1938p3525-30r2020-06-25te. 3w2020-06-25yLBS1 00102ddc51708PD-RVaBNPHUbBNPHUcHDd2009-07-10oBNPHU RV-PD 972.9304 A669h, 1938p3525-10r2020-06-25w2020-06-25yLBS1zPerteneció a la biblioteca personal de Carlos Larrazabal Blanco. 00102ddc51708PD-RVaBNPHUbBNPHUcMId2011-04-04oBNPHU RV-PD 972.9304 A669h, 1938p3525-20r2020-06-25te. 2w2020-06-25yLBS1zPerteneció a la biblioteca personal de Martínez Boog. c3351d3351